At the Edge of the World.

Guardat en:
Dades bibliogràfiques
Autor principal: Laboile, Alain (Autor)
Format: Llibre
Publicat: Heidelberg, Germany: Kehrer Verlag, 2015.
Matèries:
Etiquetes: Afegir etiqueta
Sense etiquetes, Sigues el primer a etiquetar aquest registre!

MARC

LEADER 00000nam a22000007a 4500
003 CL-VaPUC
005 20250407202436.0
008 250305t2015 ||||| |||| 00| 0 eng d
999 |c 447120  |d 447118 
020 |a 978-3-86828-610-6 
040 |c Pontificia Universidad Católica de Valparaíso 
082 |a 779.25 LAB 2015 
100 |9 896340  |a Laboile, Alain  |e author 
245 |a At the Edge of the World. 
260 |a Heidelberg, Germany:  |b Kehrer Verlag,  |c 2015. 
300 |a 111 páginas:  |b fotografía. 
500 |a c.1. Instituto Arcos.08-01-2025. 
583 |c 20250305  |k Gabriela Rodríguez Cuevas 
650 0 |9 255605  |a Niños  |x Fotografías en blanco y negro 
942 |2 ddc  |c BK  |n 0 
952 |0 0  |1 0  |2 ddc  |4 0  |6 779_250000000000000_LAB_2015  |7 0  |8 A  |9 600613  |a BIBINC  |b BIBINC  |d 2025-03-05  |e Instituto Arcos  |i 5665418  |o 779.25 LAB 2015  |p 5665418  |r 2025-03-05  |t 1  |w 2025-03-05  |y BK  |k IFP